On overgrown paths /

Bibliographic Details
Main Author: Hamsun, Knut, 1859-1952
Format: Book
Language:English
Norwegian
Published: New York : Paul S. Eriksson, Inc., [1967]

MARC

Tag First Indicator Second Indicator Subfields
LEADER 00000cam a2200000 4500
001 in00000021954
005 20151007063815.0
008 741007s1967 nyuc 00001 eng u
010 |a  67017281  
035 |a (OCoLC)01032724 
035 |9 AAD8296AM 
040 |c CSU  |d TXA  |d UtOrBLW 
041 1 |a eng  |a nor 
049 |a TXAM  |c [476052] 
050 0 |a PT8950.H3  |b P23 
082 0 |a 839.8/2/372 
090 |a PT8950.H3  |b P2313 1967 
092 |a 839.828  |b H232o 
100 1 |a Hamsun, Knut,  |d 1859-1952. 
240 1 0 |a Pa gjengrodde stier. English. 1968 
245 1 0 |a On overgrown paths /  |c Translated and with an introduction by Carl L. Anderson. 
264 1 |a New York :  |b Paul S. Eriksson, Inc.,  |c [1967] 
264 4 |c [©1967] 
300 |a x, 176 pages :  |b portrait ;  |c 22 cm. 
336 |a text  |b txt  |2 rdacontent 
337 |a unmediated  |b n  |2 rdamedia 
338 |a volume  |b nc  |2 rdacarrier 
500 |a Translation of Paa gjengrodde stier. 
949 |a updated from Dewey to LC call#  |b h  |c 1999/12/17  |e pkellar  |f 9:46:37 am 
999 |a MARS 
999 f f |s 2992b06e-0f42-3751-90ad-88ec7313d8df  |i a24537d2-2252-3f69-a1be-773bc298709b  |t 0 
952 f f |p ric  |a Texas A&M University  |b Rellis Campus  |c Joint Library Facility  |d Remote Storage  |t 0  |e PT8950.H3 P2313 1967  |h Library of Congress classification  |i unmediated -- volume  |m A14801361545 
998 f f |a PT8950.H3 P2313 1967  |t 0  |l Remote Storage